| 000 | 00580nam a2200205 a 4500 | ||
|---|---|---|---|
| 001 | 000044095 | ||
| 005 | 20201002045138.0 | ||
| 008 | 140515s2011 dr r 000 0 spa d | ||
| 020 | _a9789945068870 | ||
| 040 |
_aDO-SdBNP _bspa _cBNPHU |
||
| 082 |
_a863.3 _bL431t |
||
| 245 | 0 | 0 |
_aLazarillo de Tormes / _cAnónimo. |
| 250 | _a2a. ed. | ||
| 260 |
_aSanto Domingo : _bSantuario, _c2011. |
||
| 300 |
_a82 p. ; _c22 cm. |
||
| 590 | _aInventariado, 2019/BT | ||
| 650 | 4 |
_aNovela española _91123 |
|
| 650 | 4 |
_aNovela picaresca española _942269 |
|
| 650 | 4 |
_aLiteratura española _9632 |
|
| 999 |
_c43584 _d43584 |
||